明日方舟六星干员技能 Arknights Six Stars Operators' Perks - Statistics

General Stats
  • This quiz has been taken 18 times
  • The average score is 67 of 267
Answer Stats
Hint Answer % Correct
艾雅法拉3 火山
93%
止颂1 | 煌1 | 银灰1 强力击·γ型
87%
银灰3 真银斩
87%
艾雅法拉2 点燃
80%
棘刺3 至高之术
80%
假日威龙陈3 “假日风暴”
80%
夜莺3 圣域
73%
塞雷娅1 急救
73%
塞雷娅3 钙质化
73%
银灰2 雪境生存法则
73%
史尔特尔3 黄昏
73%
能天使3 过载模式
67%
推进之王3 碎颅击
67%
刻俄柏2 “很热的刀”
67%
伊芙利特3 灼地
60%
安洁莉娜3 秘杖·反重力模式
60%
星熊2 荆棘
60%
陈2 赤霄·拔刀
60%
黑3 战术的终结
60%
刻俄柏1 “很冰的斧”
60%
铃兰3 狐火渺然
60%
塞雷娅2 药物配置
53%
刻俄柏3 “很重的枪”
53%
风笛3 闭膛连发
53%
温蒂3 液氮大炮
53%
玛恩纳3 未照耀的荣光
53%
斯卡蒂2 跃浪击
47%
陈1 鞘击
47%
煌2 链锯延伸模块
47%
煌3 沸腾爆裂
47%
铃兰2 儿时的舞乐
47%
凯尔希3 指令:熔毁
47%
伊芙利特2 炎爆
40%
安洁莉娜2 秘杖·微粒模式
40%
闪灵3 教条立场
40%
赫拉格3 满月
40%
莫斯提马3 序时之匙
40%
瑕光3 先贤化身
40%
泥岩3 秽壤的血脉
40%
异客3 辉煌裂片
40%
浊心斯卡蒂3 "潮涌,潮枯"
40%
水月3 镜花水月
40%
琴柳1 支援号令·γ型
40%
焰尾2 “红松林”
40%
耀骑士临光3 耀阳颔首
40%
令3 宁作吾
40%
鸿雪3 锐笔速写
40%
缄默德克萨斯2 阵雨连绵
40%
重岳3 我无
40%
提丰3 “永恒狩猎”
40%
锏3 归于宁静
40%
嵯峨1 | 推进之王1 冲锋号令·γ型
33%
推进之王2 跃空锤
33%
艾雅法拉1 二重咏唱
33%
斯卡蒂3 涌潮悲歌
33%
陈3 赤霄·绝影
33%
赫拉格1 新月
33%
赫拉格2 弦月
33%
年2 铜印
33%
年3 铁御
33%
史尔特尔1 烈焰魔剑
33%
泥岩2 岩崩锤
33%
山2 横扫架势
33%
假日威龙陈2 “堇青之夜”
33%
远牙3 光羽箭
33%
澄闪3 澄净闪耀
33%
菲亚梅塔3 “你须偿还”
33%
艾丽妮3 判决
33%
归溟幽灵鲨3 生存的重压
33%
鸿雪1 抑扬格
33%
鸿雪2 点题
33%
玛恩纳1 未声张的怒火
33%
玛恩纳2 未宽解的悲哀
33%
缄默德克萨斯3 剑雨滂沱
33%
麒麟R夜刀1 鬼人化
33%
麒麟R夜刀2 乱舞
33%
麒麟R夜刀3 空中回旋乱舞
33%
伊内丝1 淬影突袭
33%
伊内丝3 独影归途
33%
纯烬艾雅法拉3 火山回响
33%
左乐3 佑序有炎
33%
黍3 离离枯荣
33%
W3 D12
33%
能天使1 冲锋模式
27%
能天使2 扫射模式
27%
安洁莉娜1 秘杖·速充模式
27%
夜莺2 法术护盾
27%
星熊3 力之锯
27%
提丰1 | 斯卡蒂1 | 焰影苇草1 | +2 others 迅捷打击·γ型
27%
黑2 暮眼锐瞳
27%
早露1 | 棘刺1 | 莫斯提马1 攻击力强化·γ型
27%
莫斯提马2 荒时之锁
27%
阿1 快速射击
27%
早露3 雪崩击
27%
棘刺2 护身尖刺
27%
史尔特尔2 熔核巨影
27%
空弦3 箭矢·暴风
27%
歌蕾蒂娅2 缺水的掌握怒海
27%
歌蕾蒂娅3 缺水的碎漩狂舞
27%
远牙2 同盟支援
27%
耀骑士临光2 逐夜烁光
27%
灵知3 失温症
27%
老鲤3 贵客盈门
27%
菲亚梅塔2 “你须愧悔”
27%
号角1 照明榴弹
27%
流明2 沛霖
27%
流明3 灯火不灭
27%
艾丽妮1 起风
27%
斥罪3 披荆斩棘
27%
缄默德克萨斯1 细雨无声
27%
焰影苇草3 生命火种
27%
林3 流光乍裂
27%
伊内丝2 暗夜无明
27%
霍尔海雅3 博览者的狂语
27%
提丰2 冰原秩序
27%
塑心1 “黄金的狂喜”
27%
塑心3 “自由的探戈”
27%
锏2 无声的嘲笑
27%
莱伊3 “得见光芒”
27%
左乐2 行险
27%
伊芙利特1 狂热
20%
夜莺1 治疗强化·γ型
20%
阿2 爆发剂·γ型
20%
阿3 爆发剂·榴莲味
20%
年1 锡灼
20%
风笛2 高效冲击
20%
傀影2 血色乐章
20%
傀影3 夜幕突袭
20%
森蚺3 钢铁意志
20%
山3 震地碎岩击
20%
空弦2 箭矢·追猎
20%
夕3 写意胜形
20%
灰烬2 突击战术
20%
异客2 聚焦指令
20%
歌蕾蒂娅1 缺水的大洋裂断
20%
浊心斯卡蒂1 同归殊途之吟
20%
浊心斯卡蒂2 同葬无光之愿
20%
水月2 囚徒困境
20%
琴柳3 光辉旗帜
20%
焰尾3 焰心
20%
灵知1 高速思考
20%
菲亚梅塔1 “你须直面”
20%
号角2 暴风号令
20%
号角3 终极防线
20%
归溟幽灵鲨2 生存的渴望
20%
百炼嘉维尔2 链锯强袭
20%
百炼嘉维尔3 丛林之魂
20%
伺夜3 领袖的尊严
20%
焰影苇草2 枯荣共息
20%
圣约送葬人2 近身铳斗
20%
圣约送葬人3 圣约决裁
20%
琳琅诗怀雅2 “见面礼”
20%
纯烬艾雅法拉1 无声润物
20%
赫德雷3 死境硝烟
20%
薇薇安娜2 烛燃影息
20%
左乐1 破虏
20%
W1 红桃K
20%
温蒂1 炮管敲击
13%
铃兰1 全力以赴
13%
瑕光2 慑敌辉光
13%
嵯峨2 除恶
13%
嵯峨3 怒目
13%
卡涅利安3 食噬之印
13%
帕拉斯1 胜利的连击
13%
耀骑士临光1 灿焰长刃
13%
灵知2 零度爆发
13%
令1 重进酒
13%
令2 笑鸣瑟
13%
澄闪2 电流翻涌
13%
流明1 沐雨
13%
艾丽妮2 裂潮
13%
黑键1 渐快急板
13%
黑键2 荒芜回响
13%
黑键3 寂静之声
13%
白铁1 极致火力
13%
白铁3 铁钳号·原型机
13%
斥罪2 坚心苦修
13%
林1 玲珑
13%
林2 荫庇
13%
重岳2 拂尘
13%
仇白3 问雪
13%
淬羽赫默3 无畏者协议
13%
霍尔海雅2 群星逶迤
13%
缪尔赛思3 浅层非熵适应
13%
圣约送葬人1 遗嘱执行
13%
琳琅诗怀雅1 仗义疏财
13%
琳琅诗怀雅3 千金一掷
13%
赫德雷1 重锋不熄
13%
薇薇安娜1 光影迅捷剑
13%
薇薇安娜3 “明灭”
13%
塑心2 “安魂的弥撒”
13%
锏1 纯粹的武力
13%
莱伊1 脱身矢
13%
闪灵1 信条
7%
黑1 强弩
7%
温蒂2 水泡模式
7%
W2 惊吓盒子
7%
早露2 分裂射击
7%
森蚺1 轻型挂斧
7%
森蚺2 震慑劈砍
7%
泥岩1 防御力强化·γ型
7%
迷迭香2 末梢阻断
7%
迷迭香3 “如你所愿”
7%
山1 左勾扫拳
7%
空弦1 箭矢·散逸
7%
夕1 工笔入化
7%
夕2 泼墨淋漓
7%
凯尔希1 指令:结构加固
7%
凯尔希2 指令:战术协同
7%
卡涅利安1 沙暴守卫
7%
卡涅利安2 沙缚镣锁
7%
帕拉斯2 信念的长鞭
7%
水月1 唤醒
7%
琴柳2 信仰传承
7%
澄闪1 火花四溅
7%
归溟幽灵鲨1 生存的技巧
7%
多萝西1 危险目标清除
7%
多萝西2 流沙区域生成
7%
百炼嘉维尔1 精准痛击
7%
伺夜2 领袖的馈赠
7%
重岳1 冲盈
7%
仇白2 承影
7%
纯烬艾雅法拉2 云霭荫佑
7%
涤火杰西卡1 坚守阵线
7%
涤火杰西卡3 饱和迸射
7%
止颂2 虔修对决
7%
止颂3 苦修破誓
7%
莱伊2 广域警觉
7%
黍1 化被草木
7%
闪灵2 自动掩护
0%
星熊1 战意
0%
麦哲伦1 高效制冷模块
0%
麦哲伦2 激光开采模块
0%
麦哲伦3 武装打击模块
0%
傀影1 暗夜魅影
0%
瑕光1 光芒涌动
0%
迷迭香1 思维膨大
0%
灰烬1 支援射击
0%
灰烬3 攻坚榴弹
0%
异客1 电能之触
0%
帕拉斯3 英勇的祝福
0%
假日威龙陈1 高压冲击
0%
焰尾1 迅敏直觉
0%
老鲤1 小惩大诫
0%
老鲤2 驱凶辟邪
0%
多萝西3 高速共振排障
0%
白铁2 高效补给
0%
伺夜1 领袖的呼唤
0%
斥罪1 一锤定音
0%
仇白1 留羽
0%
淬羽赫默1 进取之心
0%
淬羽赫默2 俯瞰视界
0%
霍尔海雅1 但为求索
0%
缪尔赛思1 渐进性润化
0%
缪尔赛思2 生态耦合
0%
涤火杰西卡2 掩蔽护卫
0%
赫德雷2 余烬重荷
0%
黍2 嘉禾盈仓
0%
No matching quizzes found
Score Distribution
Percent of People with Each Score
Percentile by Number Answered
Your Score History
You have not taken this quiz